[Event "ESP-ch U12"]
[Site "Salobrena"]
[Date "2023.07.12"]
[Round "5"]
[White "Maestre Soler, Sergio"]
[Black "Goni Sierro, Jon"]
[Result "1/2-1/2"]
[WhiteElo "1303"]
[BlackElo "1625"]
[PlyCount "60"]
[EventDate "2023.07.10"]
[EventType "swiss"]
[EventRounds "9"]
[EventCountry "ESP"]
[SourceTitle "EXT 2024"]
[Source "ChessBase"]
[SourceDate "2023.10.10"]
[SourceVersion "1"]
[SourceVersionDate "2023.10.10"]
[SourceQuality "1"]

1. e4 c6 2. d3 d5 3. Nd2 Nf6 4. Ngf3 e6 5. g3 Be7 6. Bg2 0-0 7. 0-0 b5 8. Re1 a5 9. e5 Nfd7 10. Nf1 Nb6 11. h4 c5 12. c3 Nc6 13. d4 b4 14. Be3 c4 15. N1h2 a4 16. a3 bxc3 17. bxc3 Na7 18. Qc2 h6 19. Reb1 f5 20. exf6 Bxf6 21. Qg6 Kh8 22. Ne5 Bxe5 23. dxe5 Rb8 24. Bf3 Nc6 25. Bxh6 gxh6 26. Qxh6+ Kg8 27. Qg6+ Kh8 28. Qh6+ Kg8 29. Ng4 Rxf3 30. Nf6+ Rxf6 1/2-1/2